L' enseignement techniique en France: Etude publiee a L' occasion de L' exposition de 1900 (Record no. 1342300)

MARC details
000 -LEADER
fixed length control field 00617nam a2200181Ia 4500
005 - DATE AND TIME OF LATEST TRANSACTION
control field 20250508153348.0
008 - FIXED-LENGTH DATA ELEMENTS--GENERAL INFORMATION
fixed length control field 008 250505s9999 xx 000 0 fre d
037 ## - SOURCE OF ACQUISITION
Stock number Books to be hide in OPAC
040 ## - CATALOGING SOURCE
Original cataloging agency FEDL
Language of cataloging eng
Transcribing agency FEDL
041 ## - LANGUAGE CODE
Language code of text/sound track or separate title fre
Source of code eng
084 ## - COLON CLASSIFICATION NUMBER
Classification number 607, LEN/O
Assigning agency FEDL
245 #0 - TITLE STATEMENT
Title L' enseignement techniique en France: Etude publiee a L' occasion de L' exposition de 1900
245 #0 - TITLE STATEMENT
Statement of responsibility, etc. Des Postes Et Des Telegraphes. De Commerce, De L'Industrie, (Ministere Du ...)
260 ## - PUBLICATION, DISTRIBUTION, ETC.
Place of publication, distribution, etc. Paris
Name of publisher, distributor, etc. Imprimerie Nationale
490 ## - SERIES STATEMENT
Volume/sequential designation vol. 3
942 ## - ADDED ENTRY ELEMENTS (KOHA)
Koha item type Books to be hide in OPAC
Classification part 607, LEN/O
Holdings
Withdrawn status Lost status Damaged status Not for loan Home library Current library Date acquired Total Checkouts Full call number Barcode Date last seen Price effective from Koha item type
        Department of Education Library Department of Education Library 2025-05-08   607, LEN/O EL0025380 2025-05-08 2025-05-08 Books to be hide in OPAC
Copyright @ Delhi University Library System